Dress to Impress Ranks - Statistics

General Stats
  • This quiz has been taken 52 times
  • The average score is 10 of 14
Answer Stats
Stars Answer % Correct
0 - 49 New Model
96%
6,000 - 14,999 Trendsetter
92%
200 - 499 Aspiring Model
88%
1,000 - 1,499 Glamourista
88%
500 - 999 Fashionista
81%
50 - 199 Rising Star
81%
3,000 - 5,999 Runway Queen
81%
15,000 - 24,999 Runway Diva
77%
25,000 - 50,000 Top Model
77%
1,500 - 2,999 Fashion Maven
69%
150,000+ Fashion Goddess
58%
100,000 - 150,000 Supernova
58%
50,000 - 75,000 Glamour Elite
54%
75,000 - 100,000 Fashion Mogul
46%
No matching quizzes found
Score Distribution
Percent of People with Each Score
Percentile by Number Answered
Your Score History
You have not taken this quiz